000
00339nam a2200133Ia 4500
008
240624s9999 xx 000 0 und d
041
_a
eng
082
_a
657.45 MON
100
_a
MONROE KENT B
245
_a
PRICING STRATEGY AUDIT
260
_a
UK
_b
Cambridge Strategy Publications Ltd
300
_a
105 : p. : cm. ; 29
365
_c
RS
_b
50
999
_c
28489
_d
28489